000 00628nam a22002297a 4500
001 47946
003 UA-OsUOA
005 20220413190736.0
007 ta
008 20070823b un ||||| |||| 00| 0 ukr d
040 _aUA-OsUOA
_bukr
_cUA-OsUOA
_dUA-OsUOA
041 _aukr
080 _a329(477.87)
090 _a329(477.87)
_bТ44
100 _aТиский М. Г.
245 _aІсторія виникнення Народного Руху України на Волині
260 _aЛуцьк
_bІніціал
_c2001
300 _a255 с.
650 7 _a32 Політика
_2UDC
942 _cBK
_2udc
955 _a1
999 _c334046
_d334046